| 000 | 01315nam a22001937a 4500 | ||
|---|---|---|---|
| 001 | 10093 | ||
| 003 | FISKH | ||
| 005 | 20260408094628.0 | ||
| 008 | 260408b cb ||||| |||| 00| 0 eng d | ||
| 040 |
_aFISKH _bchi _cFISKH _dFISKH |
||
| 082 | _a599 | ||
| 100 | _a孙蓓 | ||
| 245 |
_a小狗牙牙找蝴蝶/ _cBy 孙蓓 |
||
| 300 |
_a20 pages : _bcolor illustrations ; _c21 cm . |
||
| 520 | _a《小狗牙牙找蝴蝶》是一本兒童漢語分級讀物(屬於《小羊上山》系列第2級)中的圖畫故事書。故事講述了一隻活潑、可愛的小狗牙牙與一隻美麗花蝴蝶之間的經歷和友誼。 在一個陽光明媚的日子裡,牙牙看到了一隻色彩斑斕的蝴蝶,牠對蝴蝶十分好奇並想和它做朋友。牙牙跟著蝴蝶跑來跑去,但中途遇到困難(例如可能迷路或暫時找不到蝴蝶),並從身邊的朋友(如牛爺爺)那裡學到一些關於耐心、觀察和尋找的重要性。最終,牙牙通過努力找到了蝴蝶,學會了珍惜和欣賞自然與新朋友的美好。故事文字簡潔、插圖生動,很適合學習閱讀。 (註:不同版本可能會稍有差異,但大致架構圍繞「牙牙找蝴蝶、過程中的經歷與收穫」。) | ||
| 700 | _a佟东 | ||
| 942 |
_2ddc _cBOOK _n0 |
||
| 999 |
_c10093 _d10093 |
||